[Event "Rostock SSC op 14th"]
[Site "Rostock"]
[Date "2015.07.29"]
[Round "1.37"]
[White "Peereboom, Michiel"]
[Black "Langer, Robert"]
[Result "1-0"]
[WhiteElo "1756"]
[BlackElo "1232"]
[PlyCount "119"]
[EventDate "2015.07.29"]
[EventType "swiss"]
[EventRounds "7"]
[EventCountry "GER"]
[SourceTitle "EXT 2019"]
[Source "ChessBase"]
[SourceDate "2018.10.10"]
[SourceVersion "1"]
[SourceVersionDate "2018.10.10"]
[SourceQuality "1"]

1. d4 Nf6 2. c4 e5 3. e3 Bb4+ 4. Bd2 Bxd2+ 5. Nxd2 exd4 6. exd4 Qe7+ 7. Qe2 Qxe2+ 8. Bxe2 d6 9. Ngf3 0-0 10. 0-0 Bg4 11. Rfe1 Nc6 12. a3 Bxf3 13. Nxf3 Rfe8 14. Bd3 Rxe1+ 15. Rxe1 Re8 16. Kf1 Kf8 17. b4 Rxe1+ 18. Kxe1 Nh5 19. g3 g6 20. Kd2 Ng7 21. Kc3 Ke7 22. Nd2 f5 23. f4 Nd8 24. d5 Nf7 25. Nf3 Nh5 26. Nd4 Ng7 27. c5 a6 28. a4 Nh6 29. Be2 Ng8 30. c6 b5 31. axb5 axb5 32. Nxb5 Ne8 33. Kc4 Ngf6 34. Nc3 Ng4 35. Bxg4 fxg4 36. Kb5 Kd8 37. Ka6 Kc8 38. Ka7 h5 39. b5 Ng7 40. Na4 Ne8 41. b6 cxb6 42. Nxb6+ Kc7 43. Na8+ Kc8 44. Kb6 Kb8 45. c7+ Kc8 46. Kc6 Nxc7 47. Nxc7 h4 48. gxh4 Kd8 49. Kxd6 Kc8 50. Ke7 Kb7 51. d6 Kc6 52. Ne8 Kb5 53. d7 g5 54. hxg5 g3 55. hxg3 Kc6 56. d8Q Kb7 57. Qc7+ Ka8 58. Qc6+ Ka7 59. Nd6 Kb8 60. Qb7# 1-0